Statistics for Presidents of Costa Rica

Click here to take the quiz!

General Stats

  • This quiz has been taken 61 times
    (31 since last reset)
  • The average score is 41 of 65

Answer Stats

HintAnswer% Correct
2018-2022Carlos Alvarado Quesada
100%
1948-1949José Figueres Ferrer (Junta Fundadora de la Segunda República)
100%
1970-1974José Figueres Ferrer
100%
1953-1958José Figueres Ferrer
100%
1994-1998José María Figueres Olsen
100%
1849-1859Juan Rafael Mora Porras
100%
2022-2026Rodrigo Chaves Robles
100%
2010-2014Laura Chinchilla Miranda
95%
1837Joaquín Mora Fernández
90%
1849Miguel Mora Porras
90%
1824-1833Juan Mora Fernández
90%
2014-2018Luis Guillermo Solís Rivera
90%
1986-1990Óscar Arias Sánchez
90%
2006-2010Óscar Arias Sánchez
90%
1990-1994Rafael Ángel Calderón Fournier
86%
1940-1944Rafael Ángel Calderón Guardia
86%
1847-1849José María Castro Madriz
81%
1866-1868José María Castro Madriz
81%
1914-1917Alfredo González Flores
71%
1906-1910Cleto González Víquez
71%
1928-1932Cleto González Víquez
71%
1917-1919Federico Tinoco Granados
71%
2002-2006Abel Pacheco de la Espriella
67%
1838-1842Braulio Carrillo Colina
62%
1835-1837Braulio Carrillo Colina
62%
1835Manuel Fernández Chacón
62%
1890-1894José Rodríguez Zeledón
62%
1998-2002Miguel Ángel Rodríguez Echeverría
62%
1882-1885Próspero Fernández Oreamuno
62%
1877-1882Tomás Guardia Gutiérrez
62%
1870-1876Tomás Guardia Gutiérrez
62%
1962-1966Francisco Orlich Bolmacich
57%
1869-1870Jesús Jiménez Zamora
57%
1863-1866Jesús Jiménez Zamora
57%
1982-1986Luis Alberto Monge Álvarez
57%
1932-1936Ricardo Jiménez Oreamuno
57%
1910-1914Ricardo Jiménez Oreamuno
57%
1924-1928Ricardo Jiménez Oreamuno
57%
1978-1982Rodrigo Carazo Odio
57%
1885-1890Bernardo Soto Alfaro
52%
1948Santos León Herrera
52%
1936-1940León Cortés Castro
52%
1949-1953Otilio Ulate Blanco
52%
1894-1902Rafael Yglesias Castro
52%
1876Aniceto Esquivel Sáenz
48%
1902-1906Ascensión Esquivel Ibarra
48%
1974-1978Daniel Oduber Quirós
48%
1882Saturnino Lizano Gutiérrez
48%
1966-1970José Joaquín Trejos Fernández
48%
1920-1924Julio Acosta García
48%
1958-1962Mario Echandi Jiménez
48%
1944-1948Teodoro Picado Michalski
48%
1870Bruno Carranza Ramírez
43%
1919Francisco Aguilar Barquero
43%
1842Francisco Morazán Quesada
43%
1919Juan Bautista Quirós Segura
43%
1859-1863José María Montealegre Fernández
43%
1837-1838Manuel Aguilar Chacón
43%
1876-1877Vicente Herrera Zeledón
43%
1844-1846Francisco María Oreamuno Bonilla
38%
1889-1890Carlos Durán Cartín
38%
1842Antonio Pinto Soares
29%
1842-1844José María Alfaro Zamora
29%
1846-1847José María Alfaro Zamora
29%
1833-1835José Rafael de Gallegos y Alvarado
29%

Score Distribution

Percentile by Number Answered

Percent of People with Each Score

Your Score History

You have not taken this quiz since the last reset